Sejarah perkembangan kegiatan penulisan dan persuratan di Kedah sehingga tahun 1970an (Record no. 144416)

MARC details
000 -LEADER
fixed length control field 00837nam a2200241 i 4500
001 - CONTROL NUMBER
control field C2-0223230
003 - CONTROL NUMBER IDENTIFIER
control field PPAK
005 - DATE AND TIME OF LATEST TRANSACTION
control field 20180728152151.0
008 - FIXED-LENGTH DATA ELEMENTS--GENERAL INFORMATION
fixed length control field 000203s1989 my a|||| ||||| | may d
040 ## - CATALOGING SOURCE
Original cataloging agency PPAK
Language of cataloging eng
Transcribing agency PPAK
Description conventions rda
082 04 - DEWEY DECIMAL CLASSIFICATION NUMBER
Classification number 809.88992
Edition number 23
090 00 - LOCALLY ASSIGNED LC-TYPE CALL NUMBER (OCLC); LOCAL CALL NUMBER (RLIN)
Classification number (OCLC) (R) ; Classification number, CALL (RLIN) (NR) 809.88992
Feature heading NOR
Feature heading KK
100 0# - MAIN ENTRY--PERSONAL NAME
Personal name Norzita bt. Abu Mansor,
Relator term author
245 10 - TITLE STATEMENT
Title Sejarah perkembangan kegiatan penulisan dan persuratan di Kedah sehingga tahun 1970an
264 #1 - PRODUCTION, PUBLICATION, DISTRIBUTION, MANUFACTURE, AND COPYRIGHT NOTICE
Place of production, publication, distribution, manufacture Bangi, Selangor :
Name of producer, publisher, distributor, manufacturer Universiti Kebangsaan Malaysia ,
Date of production, publication, distribution, manufacture, or copyright notice 1989
300 ## - PHYSICAL DESCRIPTION
Extent xvii, 135 pages :
Other physical details illustrations ;
Dimensions 30 cm
336 ## - CONTENT TYPE
Source rdacontent
Content type term text
337 ## - MEDIA TYPE
Source rdamedia
Media type term unmediated
338 ## - CARRIER TYPE
Source rdacarrier
Carrier type term volume
500 ## - GENERAL NOTE
General note Tesis - Ijazah Sarjana Muda Sastera dengan kepujian ; Tidak boleh difotokopi
650 10 - SUBJECT ADDED ENTRY--TOPICAL TERM
Topical term or geographic name entry element Authors, Malay - Kedah - History
942 ## - ADDED ENTRY ELEMENTS (KOHA)
-- dc
Koha item type Book
Holdings
Withdrawn Not for loan Current library Shelving location Date acquired Full call number Barcode Date last seen Koha item type
  Not For Loan Perpustakaan Alor Setar Koleksi Kedah 03/02/2000 KK 809.88992 NOR A00155463 31/05/2018 Thesis